00437 a2200121 4500100002500000245005900025300004500084650001900129773005500148942000700203952008800210999001700298 aNUNOO, Chris 924134 aUndertake reforms on convergence criteria -Dr Bawumia  aMonday, September 18, 2023 Pages 32 & 33 aEconomy9234980 dAccra Daily Graphic 2023tDaily Graphicx0855-1529 cPR 001040718PRaPLbPLcTFWWd2023-10-23l0r2023-10-23 00:00:00t1w2023-10-23yPR c46600d46600